El defensor en el proceso penal

Tallennettuna:
Bibliografiset tiedot
Päätekijä: Goessel, Karl-Heinz (Tekijä)
Aineistotyyppi: Kirja
Kieli:espanja
Julkaistu: Bogotá Temis 1989
Painos:1a. ed
Sarja:Monografías Jurídicas, 44
Aiheet:
Tagit: Lisää tagi
Ei tageja, Lisää ensimmäinen tagi!

MARC

LEADER 00000cam a2200000 a 4500
001 UCC5401
003 CL-VaPUC
008 181005e19890000ck |||||||||||||||||spa|d
020 |a 8482724134 
082 0 4 |a 345.05042  |b GOE  |2 21 
100 |a Goessel, Karl-Heinz  |e author  |9 599652 
245 1 3 |a El defensor en el proceso penal 
250 |a 1a. ed 
300 |a 81 p 
942 |c BK 
945 |d 20181005 11:02:00  |a dcastane 
260 |a Bogotá  |b Temis  |c 1989 
650 0 |a Reforma procesal penal   |9 471095 
650 7 |a DEFENSORIAS  |2 CL-VaPUC  |9 533213 
583 |a last modification  |c 20181005 11:02:00  |k Rodrigo Vera 
490 0 |a Monografías Jurídicas, 44 
999 |c 372650  |d 372648 
952 |0 0  |1 0  |2 ddc  |3 erb  |4 0  |6 345_050420000000000_GOE_1989  |7 0  |8 A  |9 490348  |a BIBDER  |b BIBDER  |e Mateluna Arestizabal, Alfredo Sergio  |i 5491665  |o 345.05042 GOE 1989  |p 5491665  |r 2023-01-25  |w 2019-11-24  |y MX  |z Catalogado en:20181005  |k DER